000 00313nam a22001337a 4500
008 181022b xxu||||| |||| 00| 0 eng d
020 _a9780534509057`
041 _aeng
080 _24th
_a316
100 _a50
101 _aSOC
245 _aThe Emergence of Sociological Theory
_cTurner,J.H
942 _2udc
_cBK
999 _c50407
_d50407